<?xml version="1.0" encoding="UTF-8"?><OAI-PMH xmlns="http://www.openarchives.org/OAI/2.0/" xmlns:xsi="http://www.w3.org/2001/XMLSchema-instance"     xsi:schemaLocation="http://www.openarchives.org/OAI/2.0/ http://www.openarchives.org/OAI/2.0/OAI-PMH.xsd"><responseDate>2026-05-14T01:44:07Z</responseDate><request verb="GetRecord" identifier="oai:regmurcia.com:fintegr.1385" metadataPrefix="marc21">http://oai.regmurcia.com/oai2/oai2.php</request><GetRecord><record><header><identifier>oai:regmurcia.com:fintegr.1385</identifier><datestamp>2026-05-14</datestamp><setSpec>documentos</setSpec></header><metadata><record  xmlns="http://www.loc.gov/MARC21/slim" xmlns:xsi="http://www.w3.org/2001/XMLSchema-instance" xsi:schemaLocation="http://www.loc.gov/MARC21/slim http://www.loc.gov/standards/marcxml/schema/MARC21slim.xsd" type="Bibliographic"><leader>00000nam a2200000   4500</leader><controlfield tag="001" >005059048</controlfield><controlfield tag="003" >1385</controlfield><controlfield tag="004" >A00000000</controlfield><datafield tag="245" ind1=" " ind2=" "><subfield code="a">Provisión de los Reyes Católicos al Concejo de Murcia, ordenando que sean regidores los dos procuradores que han de enviarse a Cortes.</subfield></datafield><datafield tag="300" ind1=" " ind2=" "><subfield code="c">314 x 214 mm.</subfield></datafield><datafield tag="300" ind1=" " ind2=" "><subfield code="a">2 fol.</subfield></datafield><datafield tag="351" ind1=" " ind2=" "><subfield code="a">Unidad Documental</subfield><subfield code="c">Archivo de Murcia. Array</subfield><subfield code="a">Unidad Documental</subfield><subfield code="c">Archivo de Murcia. Array</subfield></datafield><datafield tag="351" ind1=" " ind2=" "><subfield code="b">Nº 9 bis</subfield></datafield><datafield tag="506" ind1=" " ind2=" "><subfield code="a">Acceso restringido</subfield></datafield><datafield tag="510" ind1=" " ind2=" "><subfield code="a">Pub. GOMARIZ MARÍN, ANTONIO. Documentos de los Reyes Católicos 1492-1504. Murcia: Academia Alfonso X el Sabio, 2000, pp. 875-878</subfield></datafield><datafield tag="520" ind1=" " ind2=" "><subfield code="a">Los Reyes Católicos comunican al concejo cómo han recibido peticiones por parte de Alfonso de Auñón y demás jurados de la ciudad de Murcia para que uno de los procuradores que se han enviar a Cortes a jurar a la princesa Juana sea un jurado, y no dos regidores, tal y como según ellos había ordenado Juan II en 1424 y 1435 y como se había venido haciendo en otras ocasiones. Sin embargo, los reyes dan la razón a los regidores y ordenan que sean dos regidores los que se envíen a Cortes como procuradores.</subfield></datafield><datafield tag="583" ind1=" " ind2=" "><subfield code="u">http://www.regmurcia.com/servlet/s.Sl?METHOD=VERDOCUMENTO&amp;sit=serv,Carmesi&amp;n=/01/501/indice.djvu</subfield></datafield><datafield tag="592" ind1=" " ind2=" "><subfield code="a">1502-07-02</subfield></datafield><datafield tag="592" ind1=" " ind2=" "><subfield code="d">1502-07-02 00:00:00</subfield></datafield><datafield tag="651" ind1=" " ind2=" "><subfield code="a">Toledo</subfield></datafield><datafield tag="786" ind1=" " ind2=" "><subfield code="o">http://www.regmurcia.com/servlet/s.Sl?METHOD=VERDOCUMENTO&amp;sit=serv,Carmesi&amp;n=/01/501/indice.djvu</subfield></datafield><datafield tag="856" ind1=" " ind2=" "><subfield code="u">http://www.regmurcia.com/servlet/s.Sl?METHOD=DETALLE&amp;sit=c,373,m,139,serv,Carmesi&amp;id=1385</subfield></datafield></record></metadata></record></GetRecord></OAI-PMH>
